| 000 | 00636nam a2200217Ia 4500 | ||
|---|---|---|---|
| 003 | OSt | ||
| 005 | 20220925231408.0 | ||
| 006 | a|||||r|||| 00| 0 | ||
| 007 | ta | ||
| 008 | 220923b |||||||| |||| 00| 0 eng d | ||
| 037 | _cGeneral Book | ||
| 040 |
_aRTL _cRTL _beng |
||
| 041 |
_2eng _aeng |
||
| 082 | _aX6xM83:g, M2/TD3 | ||
| 100 |
_aRAKSHIT Mihir _9295472 |
||
| 245 | 0 |
_aLabour surplus economy _b A neo- keynesian approach |
|
| 260 |
_aMadras _bMacmillan india limited _c1982 |
||
| 300 |
_axiii,295p. _ccm. |
||
| 942 |
_hX6xM83:g, M2/TD3 _cGB _2CC |
||
| 999 |
_c588354 _d588354 |
||